| 000 | 00481nam a2200181Ia 4500 | ||
|---|---|---|---|
| 003 | LK-CoDNM | ||
| 008 | 010623t1908 xxu||||| |||| 00| 1 sin d | ||
| 040 |
_aLK-CoDNM _dLK-CoDNM _eLK-CoDNM |
||
| 041 | _asin | ||
| 080 | _a104 C 14 | ||
| 245 | _aකට්ඨහාරි ජාතක සිංදුව | ||
| 246 | _aKatthahari Jaathaka Sinduwa | ||
| 260 |
_bSatsilumina _aColombo _c1908 |
||
| 300 | _b12p, 21 cm | ||
| 490 | _vPart I | ||
| 650 | _aSindu Sangrahawa | ||
| 942 | _cBK | ||
| 999 |
_c86842 _d86842 |
||